Konštrukcia a výroba kontúrových dielov na NC a CNC strojoch vo VW Bratislava : Diplomová práca

Saved in:
Bibliographic Details
Main Author: Bočkaj, Ivan (Author)
Other Authors: Peterka, Jozef, 1963- (xxx)
Format: Manuscript Book
Language:Slovak
Published: Trnava : STU v Bratislave MtF KOM, 2001
Subjects:
Tags: Add Tag
No Tags, Be the first to tag this record!

MARC

LEADER 00000ntm a22000003a 4500
001 stu85675
005 20160719154729.0
008 040406s2001----xo------------------slo-d
040 |a STU  |b slo 
041 0 |a slo 
044 |a xo 
100 1 |a Bočkaj, Ivan  |4 aut 
245 1 |a Konštrukcia a výroba kontúrových dielov na NC a CNC strojoch vo VW Bratislava :  |b Diplomová práca 
260 |a Trnava :  |b STU v Bratislave MtF KOM,  |c 2001 
300 |a 76 s 
650 7 |a technológie strojárskej výroby  |2 stusub 
650 7 |a obrábanie  |2 stusub 
700 1 |a Peterka, Jozef,  |d 1963-  |4 xxx  |u M3000  |U MTF Materiálovotechnologická fakulta  |T MTF Ústav výrobných technológií  |X 278  |U M3000  |Y 83  |7 A000000278 
996 |b 284M054161  |c M*DP-2918  |l MMSKP  |s P  |a 0  |w stu85675_0001